| 000 | 00667nam a2200265Ia 4500 | ||
|---|---|---|---|
| 008 | 190123s9999 xx 000 0 und d | ||
| 020 | _a9780545286749 | ||
| 050 | _bL921 2009 | ||
| 100 | _aLowry, Lois | ||
| 245 | 0 | _aCrow call / | |
| 245 | 0 | _cby Lois Lowry ; illustrated by Bagram Ibatoulline. | |
| 260 | _aNew York, New York : | ||
| 260 | _bScholastic, | ||
| 260 | _c2009 | ||
| 300 | _aunpaged : | ||
| 300 | _bcolored illustrations ; | ||
| 300 | _c23cm. | ||
| 500 | _a750L | ||
| 650 | _aCrows. | ||
| 650 | _aFathers and daughters. | ||
| 650 | _aHunting stories. | ||
| 650 | _aPennsyvania. | ||
| 700 | _aIbatoulline, Bagram | ||
| 700 | _aTitle. | ||
| 999 |
_c361177 _d361177 |
||